|
|
|
|
| LEADER |
00885nam a22002297a 4500 |
| 001 |
37769 |
| 003 |
BD-DhAAL |
| 008 |
220222r20041992ii a|||| b||| 00| 0 eng d |
| 999 |
|
|
|c 43547
|d 43547
|
| 040 |
|
|
|a BD-DhAAL
|
| 082 |
|
|
|a 510
|2 23
|
| 100 |
|
|
|a Sinhal, O.P.
|9 45950
|
| 245 |
|
|
|a A text book of mathematics /
|c O.P. Sinhal
|
| 260 |
|
|
|a Mumbai :
|b General Printers,
|c 1992 [reprinted 2004].
|
| 300 |
|
|
|a 211 pages :
|b illustrations ;
|c 24 cm.
|
| 504 |
|
|
|a Includes bibliographical references.
|
| 526 |
|
|
|a BIED
|
| 541 |
|
|
|a Complimentary copy from BIED
|e 37769
|
| 650 |
|
|
|a Mathematics.
|9 45951
|
| 852 |
|
|
|a Ayesha Abed Library
|c BIED Collection
|
| 942 |
|
|
|2 ddc
|c BK
|
| 952 |
|
|
|0 0
|1 0
|2 ddc
|4 0
|6 510_000000000000000_SIN
|7 0
|9 69849
|a BRACUL
|b BRACUL
|c GEN
|d 2022-02-22
|e Complimentary copy from BIED
|l 1
|o 510 SIN
|p 3010037769
|r 2023-10-17
|s 2023-10-10
|t 1
|w 2022-02-22
|y BK
|x Transferred from BIED to General Stacks
|